000 00769nam a2200241Ia 4500
003 OSt
005 20220927105019.0
006 a|||||r|||| 00| 0
007 ta
008 220926b |||||||| |||| 00| 0 eng d
024 _a184759
037 _cReference Collections
040 _aRTL
_cRTL
_beng
041 _2eng
_aeng
082 _a"X562:545.2.N68<N67r, K8"
110 _aEXPORT CREDIT & GUARANTEE CORPORATION LTD.
_9369428
245 0 _a"Tenth annual report,1967-68."
260 _aBombay
_bExport Credit & Guarantee Corporation
_c1968
300 _a22p.
_ccm.
700 _aEXPORT CREDIT & GUARANTEE CORPORATION LTD.
_9369429
942 _h"X562:545.2.N68<N67r, K8"
_cCC
999 _c690223
_d690223